Managing property assets sustainably (Record no. 79689)
[ view plain ]
| 000 -LEADER | |
|---|---|
| fixed length control field | 01084cab a22002175a 4500 |
| 001 - CONTROL NUMBER | |
| control field | L141987 |
| 008 - FIXED-LENGTH DATA ELEMENTS--GENERAL INFORMATION | |
| fixed length control field | 080117s2007 xxkad f s 000 0 eng d |
| 035 ## - SYSTEM CONTROL NUMBER | |
| System control number | (Sirsi) u141987 |
| 041 0# - LANGUAGE CODE | |
| Language code of text/sound track or separate title | eng |
| 100 1# - MAIN ENTRY--PERSONAL NAME | |
| Personal name | Moore, Martin |
| 245 00 - TITLE STATEMENT | |
| Title | Managing property assets sustainably |
| 260 ## - PUBLICATION, DISTRIBUTION, ETC. | |
| Date of publication, distribution, etc. | 2007 |
| 490 #0 - SERIES STATEMENT | |
| Series statement | Property Forecast |
| Volume/sequential designation | December 2007, 2-3(2) |
| 520 ## - SUMMARY, ETC. | |
| Summary, etc. | Reviews the challenges facing the property industry from an investment perspective in light of the increased need to consider sustainability issues. Reports on research and surveys which highlight the lack of hard evidence and the existence of a measurement void. Discusses carbon trading schemes and Energy Performance Certificates. Suggests the UK Government needs to adopt a single, comprehensive environmental rating system for all commercial property. |
| 590 ## - LOCAL NOTE (RLIN) | |
| Local note | KA |
| 650 24 - SUBJECT ADDED ENTRY--TOPICAL TERM | |
| Topical term or geographic name entry element | ENERGY PERFORMANCE CERTIFICATES |
| 651 #4 - SUBJECT ADDED ENTRY--GEOGRAPHIC NAME | |
| Geographic name | United Kingdom |
| Chronological subdivision | |
| 690 ## - LOCAL SUBJECT ADDED ENTRY--TOPICAL TERM (OCLC, RLIN) | |
| Topical term or geographic name as entry element | PROPERTY-COMMERCIAL PROPERTY-COMMERCIAL PROPERTY MARKET |
| 690 ## - LOCAL SUBJECT ADDED ENTRY--TOPICAL TERM (OCLC, RLIN) | |
| Topical term or geographic name as entry element | PROPERTY-PROPERTY DEVELOPMENT-SUSTAINABLE PROPERTY DEVELOPMENT |
| 942 ## - ADDED ENTRY ELEMENTS (KOHA) | |
| Suppress in OPAC | 0 |
| Withdrawn status | Lost status | Source of classification or shelving scheme | Damaged status | Not for loan | Home library | Current library | Shelving location | Date acquired | Total Checkouts | Full call number | Barcode | Date last seen | Copy number | Price effective from | Koha item type |
|---|---|---|---|---|---|---|---|---|---|---|---|---|---|---|---|
| Dewey Decimal Classification | London | London | Journal article | 17/01/2008 | L141987 | 141987-1001 | 06/08/2019 | 1 | 06/08/2019 | Journal article |